| 000 | 00479nam a2200157Ia 4500 | ||
|---|---|---|---|
| 003 | IQ-KOUCL | ||
| 041 | _aArabic | ||
| 082 | _a210,72 cut-959 ج | ||
| 100 | _a20260118u\\\\\\\\\\\y0engy0103\\\\ba | ||
| 100 | _aلابن قيم الجوزيه | ||
| 245 | 0 | _aاغاثة اللهفان في مصايد الشيطان الجزء الثاني | |
| 250 | _aط1 | ||
| 260 |
_bجمعية احياء التراث الاسلامي _aالكويت _c2022 |
||
| 300 | _a668 | ||
| 942 | _cBk | ||
| 999 |
_c186312 _d186312 |
||